Central Library OPAC University of Rajshahi

The Prado (Record no. 76942)

MARC details
000 -LEADER
fixed length control field 00984cam a2200325 a 4500
001 - CONTROL NUMBER
control field 76942
003 - CONTROL NUMBER IDENTIFIER
rucl marc code BD-RjUL
005 - DATE AND TIME OF LATEST TRANSACTION
control field 20211209082916.0
008 - FIXED-LENGTH DATA ELEMENTS--GENERAL INFORMATION
fixed length control field 200207s1966 enka 000 0 eng
035 ## - SYSTEM CONTROL NUMBER
System control number (BD-RjUL)
System control number 2491840
040 ## - CATALOGING SOURCE
Original cataloging agency LC
Language of cataloging eng
Transcribing agency LC
Modifying agency VSL
041 1# - LANGUAGE CODE
Language code of text/sound track or separate title eng
-- fre
082 04 - DEWEY DECIMAL CLASSIFICATION NUMBER
Classification number 759.94
Edition number 23
Author mark and year CAP 1966
100 ## - MAIN ENTRY--PERSONAL NAME
Personal name Canton, F. J. Sanchez
9 (RLIN) 239010
110 2# - MAIN ENTRY--CORPORATE NAME
Corporate name or jurisdiction name as entry element Museo del Prado.
9 (RLIN) 239011
245 14 - TITLE STATEMENT
Title The Prado
Statement of responsibility, etc. [by] F. J. Sanchez Canton. Translated from the French by James Cleugh.
250 ## - EDITION STATEMENT
Edition statement New rev. ed.
260 ## - PUBLICATION, DISTRIBUTION, ETC. (IMPRINT)
Place of publication, distribution, etc. London:
Name of publisher, distributor, etc. Thames and Hudson,
Date of publication, distribution, etc. 1966.
300 ## - PHYSICAL DESCRIPTION
Pagination 317 p. :
Illustrations illus. (part col.);
Size 21 cm.
490 0# - SERIES STATEMENT
Series statement The World of art library. Galleries ;
650 #0 - SUBJECT ADDED ENTRY--TOPICAL TERM
Topical term or geographic name as entry element Painting
Geographic subdivision Spain
-- Madrid.
9 (RLIN) 239012
700 1# - ADDED ENTRY--PERSONAL NAME
Personal name Sanchez Canton, Francisco Javier,
Dates associated with a name 1891-1971.
942 ## - ADDED ENTRY ELEMENTS (KOHA)
Source of classification or shelving scheme Dewey Decimal Classification
Koha item type Books
Holdings
Lost status Source of classification or shelving scheme Damaged status Not for loan Collection code Permanent Location Current Location Shelving location Date acquired Source of acquisition Cost, normal purchase price Total Checkouts Full call number Date last seen Copy number Koha item type
  Dewey Decimal Classification   Not For Loan Non-fiction Central Library, University of Rajshahi Central Library, University of Rajshahi Reading Room 14/08/1972 Paramount book corporation 23.10   759.94 CAP 1966 08/02/2020 C-1 Books